00534nam a2200169Ia 450000500170000000800410001702000150005808200130007310000120008624500560009826000540015430000160020850000220022494200060024695200970025299900150034920250321023440.0240331s9999 xx 000 0 und d a9555990190 bIVAa891 aIvan, V 0aSri Lankawe nuthana karalikaruwange samaja pasubima aratamalanabSarvodaya Grande Prakashna sewac1990 aVi 226 p ., a1971 April riots  cL 001040708LaWERCLbWERCLcSSCd2024-03-31l0o 322.4 IVAp1064r2024-03-31w2024-03-31yL c2374d2374